000 02721cam a2200385 i 4500
999 _c16610
_d16610
001 21943725
005 20220302110936.0
006 m |o d |
007 cr_|||||||||||
008 210308s2022 enk ob 001 0 eng
010 _a 2021006288
020 _a9780429265815
020 _z9780367211684
020 _z9780367211707
040 _aDLC
_beng
_cDLC
_erda
_dDLC
042 _apcc
050 0 0 _aQA11.2
082 0 0 _aDC 372.7
_22022
_bN922
100 1 _aNunes, Terezinha,
_eauthor.
_944251
245 1 0 _aUsing mathematics to understand the world :
_bhow culture promotes children's mathematics /
_cTerezinha Nunes and Peter Bryant.
260 _aLondon :
_bRoutledge ;
_c©2022.
300 _aixi, 171 pages :
_billustrations ;
_c23 cm.
504 _aIncludes bibliographical references and indexes.
520 _a"Using Mathematics to Understand the World: How culture promotes children's mathematics offers fundamental insight into how mathematics permeates our lives as a way of representing and thinking about the world. Internationally renowned experts Terezinha Nunes and Peter Bryant examine research into children's mathematical development to show why it is important to distinguish between quantities, relations and numbers. Using Mathematics to Understand the World presents a theory about the development of children's quantitative reasoning and reveals why and how teaching about quantitative reasoning can be used to improve children's mathematical attainment in school. It describes how learning about the analytical meaning of numbers is established as part of mathematics at school but quantitative reasoning is emphasized less even though it is increasingly acclaimed as essential for thinking mathematically and for using mathematics to understand the world. This essential text is for all students of mathematics education, developmental psychology and cognitive psychology. By including activities for parents and professionals to try themselves, it may help you to recognize your own quantitative reasoning"--
650 0 _aReasoning
_xStudy and teaching (Primary)
_944252
650 0 _aReasoning
_xStudy and teaching (Secondary)
_944253
650 0 _aMathematics
_xStudy and teaching (Primary)
_944254
650 0 _aMathematics
_xStudy and teaching (Secondary)
_944255
650 0 _aReasoning in children.
_944256
700 1 _aBryant, Peter,
_d1937-
_eauthor.
_944257
776 0 8 _iPrint version:
_aNunes, Terezinha.
_tUsing mathematics to understand the world
_dLondon ; New York, NY : Routledge, Taylor & Francis Group, 2022
_z9780367211684
_w(DLC) 2021006287
906 _a7
_bcbc
_corignew
_d1
_eecip
_f20
_gy-gencatlg
942 _2ddc
_cDC